000
00222nam a22000977a 4500
999
_c
15787
_d
15787
003
OSt
008
191021b ||||| |||| 00| 0 eng d
100
_a
Pottekkat, S K.
_9
1693
245
_a
Sanjariyude geethangal
942
_c
BK